"Szeressem, (szeretem) aki becsületes ..." - színészmonológok
Elmentve itt :
| Dokumentumtípus: | Cikk |
|---|---|
| Megjelent: |
1989-10-06
|
| Sorozat: | Délmagyarország
79 No. 236 |
| Kulcsszavak: | Kárpáti Tibor |
| Online Access: | http://dmarchiv.bibl.u-szeged.hu/95446 |
| LEADER | 00436nab a2200145 i 4500 | ||
|---|---|---|---|
| 001 | delm95446 | ||
| 005 | 20190923081959.0 | ||
| 008 | 190923s1989 hu o 0|| hun d | ||
| 040 | |a SZTE Délmagyarország Archívum |b hun | ||
| 041 | |a hun | ||
| 245 | 0 | 0 | |a "Szeressem, (szeretem) aki becsületes ..." - színészmonológok |h [elektronikus dokumentum] |
| 260 | |c 1989-10-06 | ||
| 300 | |a 5 | ||
| 490 | 0 | |a Délmagyarország |v 79 No. 236 | |
| 695 | |a Kárpáti Tibor | ||